La ética de Sócrates
Gespeichert in:
| 1. Verfasser: | |
|---|---|
| Format: | Buch |
| Sprache: | Spanisch |
| Veröffentlicht: |
Ciudad de México
Fondo de Cultura Económica
1989
|
| Schlagworte: | |
| Tags: |
Tag hinzufügen
Keine Tags, Fügen Sie den ersten Tag hinzu!
|
MARC
| LEADER | 00000nam a2200000 a 4500 | ||
|---|---|---|---|
| 001 | UCY1847 | ||
| 003 | CL-VaPUC | ||
| 008 | 940922e19890000MX |||||||||||||||||spa|d | ||
| 082 | 0 | 4 | |a 183.2 |b GOM |2 21 |
| 100 | |a Gómez-Lobo M., Alfonso |e author |9 591716 | ||
| 245 | 1 | 3 | |a La ética de Sócrates |
| 300 | |a 186 p | ||
| 942 | |c BK | ||
| 945 | |d 19940922 00:00:00 |a aalvarez | ||
| 260 | |a Ciudad de México |b Fondo de Cultura Económica |c 1989 | ||
| 600 | 0 | |a Sócrates |9 266368 | |
| 650 | 0 | |a Ética |9 255099 | |
| 650 | 0 | |a Crítica e interpretación |9 255042 | |
| 583 | |a last modification |c 19940922 00:00:00 |k Rodrigo Vera | ||
| 999 | |c 230430 |d 230428 | ||
| 952 | |0 0 |1 0 |4 0 |6 183_200000000000000_GOM_1989 |7 0 |8 A |9 232694 |a BIBTEO |b BIBTEO |d 2019-11-15 |i 3021866 |o 183.2 GOM 1989 |p 3021866 |r 2025-01-17 |w 2019-11-15 |y BK |k ICR | ||